000 00600nam a2200241 a 4500
001 0001-1062
003 ELIB.Books
008 141211 2010 eng
020 _a0830713751
035 _a(ELIB.Books)0001-1217
092 _a253
_bAnd
100 _aAnderson, Neil T.
245 _aVictory Over The Darkness
260 _aVentura
_bRegal Books
_c1990
300 _a245
_c21.5 Cm
500 _aC/o Moe Lwai
650 _aPastoral Theology
856 _nKBTS; Library
_uKBTS; Elib.
942 _2ddc
_cBK
990 _a1
998 _cbat
_e2014-12-11
999 _c11062
_d11062